[Event "VII Sunway Sitges Open 2020"]
[Site "Sitges"]
[Date "2020.12.23"]
[Round "10.7"]
[White "Korobov, Anton"]
[Black "Maurizzi, Marc Andria"]
[Result "1-0"]
[WhiteElo "2683"]
[BlackElo "2445"]
[Annotator "TA"]
[PlyCount "73"]
[EventDate "2020.12.13"]
[EventType "swiss"]
[EventCountry "ESP"]
[SourceTitle "playchess.com"]
[Source "ChessBase"]
[SourceQuality "1"]

{[%evp 9,73,0,28,27,32,29,32,21,71,62,55,39,50,12,102,10,28,19,29,17,55,65,56,0,0,0,0,0,0,0,162,42,32,70,53,46,54,0,0,0,6,0,52,44,297,303,311,304,305,294,306,309,294,293,295,276,344,343,378,350,381,385,600,589,766,532]} 1. c4 c6 2. Nc3 d5 3. d4 Nf6 4. cxd5 cxd5 5. Bg5 Nc6 (5... Ne4 $5 {[%cal Re4g5]} 6. Nxe4 dxe4 $11) 6. Bxf6 {D10: Slav Defence: 3 cxd5 (without early Nf3) and 3 Nc3.} gxf6 {The main line 6...gxf6 scores better than 6...exf6.} 7. e3 a6 8. Bd3 {[#] White is slightly better.} e5 $146 ({Predecessor:} 8... e6 9. Nge2 Bd6 10. Rc1 f5 11. g3 Bd7 12. Nf4 Bxf4 13. gxf4 Qh4 14. Qf3 Rg8 {½-½ (21) Mikhalevski,V (2571)-Ipatov,A (2631) chess.com INT 2020}) 9. Nge2 Be6 10. O-O h5 11. Bc2 h4 (11... Qd6 $1 $11) 12. dxe5 (12. Bb3 $16) 12... h3 {White must now prevent ...hxg2.} 13. g3 {And now exf6 would win.} fxe5 14. Bb3 {[%cal Rb3d5]} d4 15. exd4 exd4 16. Bxe6 (16. Ne4 $14) 16... dxc3 $11 17. Bxf7+ Kxf7 18. Qb3+ Kg7 $1 {Strongly threatening ...Qe7.} 19. Nf4 Nd4 $2 (19... Qf6 $11 {and Black has nothing to worry.}) 20. Qxb7+ (20. Qxc3 $18 {aiming for Rad1.} Qf6 21. Qxd4 $1 {[%mdl 576] Remove Defender, Deflection, Decoy} Qxd4 22. Ne6+ {[%mdl 64] Double Attack} Kf6 23. Nxd4) 20... Kg8 $14 {Hoping for ...c2.} 21. bxc3 Rh7 22. Qe4 {[%mdl 1024] White has compensation.} Nb5 23. Ne6 (23. Rfe1 $14) 23... Qc8 $11 24. Rae1 Qb7 25. Qg4+ Kh8 (25... Bg7 $11 26. Nf4 Rf8) 26. Nf4 $36 {[%mdl 2048] Ng6+ would kill now. White is pushing.} Qg7 $2 {[%mdl 8192] Black cannot hold the game after this.} ({Black should try} 26... Rh6 $1 $14) 27. Ng6+ $18 Kg8 {[#]} 28. Re5 $1 {[%cal Re5g5]} Nd6 {[#]} 29. Rg5 $1 Nf7 {[#]} 30. Ne7+ $1 {[%mdl 576] Discovered Attack} Bxe7 31. Rxg7+ Rxg7 32. Qxh3 Rd8 33. Qe6 Bc5 34. Qxa6 Nd6 35. Qc6 Ba7 (35... Rc8 $142 36. Qd5+ Rf7) 36. Rd1 Rgd7 37. Rd2 {Weighted Error Value: White=0.16/Black=0.41} 1-0

[Event "VII Sunway Sitges Open 2020"]
[Site "Sitges"]
[Date "2020.12.23"]
[Round "10.8"]
[White "Stefanova, Antoaneta"]
[Black "Lagarde, Maxime"]
[Result "0-1"]
[WhiteElo "2466"]
[BlackElo "2651"]
[Annotator "TA"]
[PlyCount "68"]
[EventDate "2020.12.13"]
[EventType "swiss"]
[EventCountry "ESP"]
[SourceTitle "playchess.com"]
[Source "ChessBase"]
[SourceQuality "1"]

{[%evp 9,68,29,21,22,18,0,0,0,-1,0,14,0,22,29,27,0,1,0,7,-6,34,35,46,-47,-60,-58,-56,-143,-148,-143,-100,-109,-122,-122,-122,-123,-122,-131,-104,-150,-153,-186,-150,-153,-153,-295,-289,-620,-614,-581,-555,-1422,-1422,-29968,-29968,-29962,-29963,-2424,-1587,-1174,-1144]} 1. d4 d6 2. Nf3 g6 3. g3 Bg7 4. Bg2 f5 5. Nc3 Nf6 6. Bf4 {A81: Dutch Defence: 2 g3.} c6 7. Qd2 {[#]} h6 $146 ({Predecessor:} 7... O-O 8. Qd3 d5 9. Ne5 Nbd7 10. Nxd7 Bxd7 11. O-O Re8 12. Na4 b6 13. Rad1 Nh5 {1-0 (28) Snerthammer,D (1319)-Oftedal,S (1274) Sandnes 2014}) 8. h4 {The position is equal.} Be6 9. O-O Nbd7 10. Rfe1 Bd5 11. Nxd5 cxd5 12. c3 Rc8 13. Nh2 Ne4 14. Qd1 g5 (14... O-O {is more complex.} 15. Nf1 Rf7 16. Be3 e6 17. a4 Nb6) 15. hxg5 hxg5 16. Bxe4 ({White should try} 16. Bc1 $14) 16... dxe4 $15 17. Bxg5 Bf6 $1 {[%cal Rf6g5]} 18. Bxf6 (18. Be3 $1 $15) 18... Nxf6 $17 19. Kg2 Qd7 {[%mdl 1024] Black has strong compensation.} 20. Rh1 {White wants to play Ng4!} Kf7 ({But not} 20... f4 $6 21. Ng4 $1 $11) 21. Qb3+ {[#]} d5 $1 {Threatens to win with ...f4!} 22. f4 Rcg8 {Strongly threatening ...Nh5.} 23. e3 Qe6 24. Rag1 Qa6 {[%cal Ra6e2]} 25. Qc2 Qxa2 26. Qe2 Qb3 $40 {[%mdl 128] Black is out for blood.} 27. Nf1 (27. Ra1 $17 {only move.}) 27... Ng4 $19 28. Nh2 $2 {[#]} (28. Rh4 Nxe3+ 29. Nxe3 Rxh4 30. Nxf5) 28... Nxe3+ $1 {[%mdl 576] Deflection} 29. Qxe3 {Hoping for Qe2.} Qxb2+ 30. Qf2 {[#]} Rxg3+ $1 {[%mdl 576] Double Attack, Pin} 31. Kf1 (31. Kxg3 Rg8+) 31... Qb1+ 32. Qe1 Rxg1+ 33. Rxg1 Qxe1+ 34. Kxe1 Rxh2 {Weighted Error Value: White=0.62/Black=0.19} 0-1

[Event "VII Sunway Sitges Open 2020"]
[Site "Sitges"]
[Date "2020.12.23"]
[Round "10.9"]
[White "Vasquez Schroeder, Rodrigo"]
[Black "Santos Ruiz, Miguel"]
[Result "0-1"]
[WhiteElo "2441"]
[BlackElo "2581"]
[Annotator "TA"]
[PlyCount "50"]
[EventDate "2020.12.13"]
[EventType "swiss"]
[EventCountry "ESP"]
[SourceTitle "playchess.com"]
[Source "ChessBase"]
[SourceQuality "1"]

{[%evp 9,50,7,4,0,2,8,11,14,14,7,6,6,7,12,35,0,20,0,0,0,0,-47,-40,-39,32,26,32,35,33,41,70,63,112,101,113,0,0,0,0,0,6,-1981,-1927]} 1. Nf3 d5 2. e3 Nf6 3. c4 e6 4. b3 b6 5. Bb2 Bb7 6. Nc3 {A13: English Opening: 1...e6.} Nbd7 7. Rc1 a6 8. cxd5 {The position is equal.} exd5 9. d4 Bd6 10. g3 Qe7 11. Bg2 h5 {[#]} 12. Qe2 $146 ({Predecessor:} 12. Nd2 h4 13. Nc4 O-O-O 14. Nxd6+ Qxd6 15. Kd2 Kb8 16. Kc2 Rh6 17. Kb1 Rdh8 18. Qc2 {0-1 (38) Dobre,C (2316)-Gheorghiu,C (2315) Mamaia 2019}) 12... O-O-O 13. Nh4 g6 14. O-O Ne4 15. Qc2 Kb8 16. a4 Qe6 (16... Ndf6 $15) 17. Bxe4 $14 dxe4 18. d5 $1 {[%cal Rd5e6]} Qe7 19. Nxe4 {[%mdl 64] [#] Discovered Attack} Rhe8 20. Nxd6 Qxd6 21. Rfd1 Bxd5 22. e4 ({Better is} 22. a5 $16) 22... Bxe4 $11 23. Qc4 Qc5 {[#] Strongly threatening ...Qxc4.} 24. Qxf7 Rf8 $1 25. Rxd7 $4 {[%mdl 8192]} (25. Rxc5 $11 Rxf7 26. Rc4) 25... Rxd7 {Weighted Error Value: White=0.49/Black=0.14} 0-1

[Event "VII Sunway Sitges Open 2020"]
[Site "Sitges"]
[Date "2020.12.23"]
[Round "10.10"]
[White "Gines Esteo, Pedro Antonio"]
[Black "Plat, Vojtech"]
[Result "1/2-1/2"]
[WhiteElo "2437"]
[BlackElo "2562"]
[Annotator "TA"]
[PlyCount "83"]
[EventDate "2020.12.13"]
[EventType "swiss"]
[EventCountry "ESP"]
[SourceTitle "playchess.com"]
[Source "ChessBase"]
[SourceQuality "1"]

{[%evp 9,83,0,0,0,0,0,70,39,77,71,75,22,41,19,10,11,26,6,6,-13,-17,-17,-26,-28,-22,-19,0,-46,-44,-39,-41,-35,-41,-43,-32,-72,-27,-27,-27,-27,-27,-27,-27,-34,-27,-28,-28,-28,-34,-35,-35,-35,-10,-10,-11,-11,-6,-20,0,0,0,0,0,0,0,-523,-475,-5976,-5754,-5976,0,0,0,0,0,0]} 1. d4 d5 2. c4 Nc6 3. Nf3 Bg4 4. Qa4 Bxf3 5. exf3 dxc4 6. Bxc4 {D07: Queen's Gambit: Chigorin Defence.} e6 7. Nc3 Bb4 {[#]} (7... Qxd4 $11 8. O-O a6) 8. Bb5 $146 {White is slightly better.} ({Predecessor:} 8. O-O Bxc3 9. bxc3 Nge7 10. Ba3 O-O 11. Bb5 Rb8 12. Bxc6 bxc6 13. Rab1 Rxb1 14. Rxb1 {1-0 (27) Villa,G (1990)-Blium,B Maribor 2012}) 8... Bxc3+ 9. bxc3 Nge7 10. Bg5 ({White should play} 10. Bxc6+ $16 bxc6 11. Ba3) 10... Qd6 $11 11. Bxe7 Kxe7 12. O-O Rhb8 13. Rfe1 Kf8 14. Bxc6 (14. Qc2 {seems wilder.} g6 15. g3 Ne7 16. Re5 Nd5 17. Bc4) 14... Qxc6 15. Qxc6 bxc6 {[%mdl 4096] Endgame KRR-KRR} 16. Rab1 Rb6 17. Rb3 Rab8 18. Reb1 (18. Ra3 {is more complex.} a6 19. Ra5 Rb1 20. Kf1 R1b2 21. Re2) 18... Ke7 19. Kf1 Kd6 20. Ke2 c5 21. Kd3 Kd5 {White must now prevent ...c4+.} (21... Rd8 {with more complications.} 22. Ra1 Kc6 23. f4 Rd5 24. Rc1 Ra6) 22. Rxb6 axb6 23. dxc5 Kxc5 $15 {KR-KR} 24. a4 Rd8+ 25. Kc2 $1 Ra8 26. Rb5+ Kd6 27. Rb4 Ra5 28. h4 Re5 29. Kd2 $1 Rd5+ 30. Kc2 e5 31. f4 exf4 32. Rxf4 f5 (32... f6 {feels hotter.} 33. g4 Ke5 34. Rb4 g6 35. f3 Kd6) 33. Rd4 Rxd4 34. cxd4 $11 {KP-KP} Kd5 35. Kc3 g6 36. Kd3 h6 37. Kc3 $2 {[%mdl 8192] [#]} (37. f3 $1 $11 {and White stays safe.}) 37... g5 $1 $19 {[%cal Rg5h4]} 38. hxg5 (38. h5 $142 Ke4 39. Kc4) 38... hxg5 39. Kd3 {[#]} c6 $2 ({Better is} 39... g4 $1 $19 {Hoping for ...f4.} 40. f3 g3) 40. f3 $11 {The position is equal.} Ke6 (40... f4 $5) 41. Kc4 Kd6 {Strongly threatening ...b5+!} 42. Kc3 {Weighted Error Value: White=0.57/Black=0.19} 1/2-1/2

[Event "VII Sunway Sitges Open 2020"]
[Site "Sitges"]
[Date "2020.12.23"]
[Round "10.11"]
[White "Cuenca Jimenez, Jose Fernando"]
[Black "Souhardo Basak"]
[Result "1/2-1/2"]
[WhiteElo "2528"]
[BlackElo "2216"]
[Annotator "TA"]
[PlyCount "80"]
[EventDate "2020.12.13"]
[EventType "swiss"]
[EventCountry "ESP"]
[SourceTitle "playchess.com"]
[Source "ChessBase"]
[SourceQuality "1"]

{[%evp 11,80,-10,23,14,27,15,33,19,48,42,40,44,42,43,44,42,36,36,43,21,43,13,46,17,23,39,70,73,97,63,57,62,81,75,84,78,62,43,21,0,0,0,29,23,139,132,234,85,69,0,228,228,255,129,133,20,16,-22,-29,-29,-27,-27,-27,-25,-42,-36,0,0,0,0,0]} 1. c4 {Gutman,L} e6 2. Nc3 Bb4 3. d4 Nf6 4. g3 O-O 5. Bg2 d5 6. Nf3 c5 7. dxc5 {E20: Nimzo-Indian: 4 g3 and 4 f3.} Na6 8. O-O Nxc5 9. Qd4 {[#] White is slightly better.} Qa5 $146 ({Predecessor:} 9... Qe7 10. Be3 Nce4 11. cxd5 Bxc3 12. d6 Qxd6 13. bxc3 Qxd4 14. Bxd4 Bd7 15. Ne5 Bb5 {1-0 (28) Khalifman,A (2626)-Naumann,A (2544) Bad Wiessee 2010 EXT 2011 [Gutman,L]}) 10. cxd5 Bxc3 11. Qxc3 Qxc3 12. bxc3 exd5 13. Ba3 b6 14. c4 Bb7 15. cxd5 Bxd5 16. Bb2 Nce4 17. a3 Rac8 18. Rac1 Bb3 19. Nd4 Nd2 20. Rxc8 (20. Rfe1 {is interesting.} Ba4 21. Bc6 Bxc6 22. Nxc6 Rc7 23. Be5) 20... Rxc8 21. Rc1 Rc5 22. Rxc5 bxc5 23. Nxb3 Nxb3 $16 {[%mdl 4096] Endgame KBB-KNN} 24. e3 Nd2 $1 25. Bc1 Nb3 26. Bb2 Nd2 $1 27. Bc6 c4 (27... Nfe4 $11) 28. f3 Nb3 (28... Nb1 $16) 29. Bb5 (29. e4 $18) 29... Nd2 30. Bc6 $2 {[#]} (30. Kg2 $14) 30... Nb3 $1 $18 31. e4 Kf8 32. Bb5 ({White should try} 32. Bc3 $18) 32... Nd2 $16 33. Kf2 (33. Kg2 $16) 33... c3 $1 $11 {[%cal Rc3b2]} 34. Bxc3 (34. Bc1 {looks sharper.} Nb3 35. Be3 c2 36. Ba4 c1=Q 37. Bxc1 Nxc1 38. Ke3) 34... Ndxe4+ 35. fxe4 Nxe4+ {[%mdl 64] [#] Double Attack} 36. Ke3 Nxc3 {KB-KN} 37. Bc6 Ke7 38. Kd3 $1 {[%cal Rd3c3]} Nb1 39. a4 Kd6 40. Be8 Kc5 {Weighted Error Value: White=0.23/Black=0.18} 1/2-1/2

[Event "VII Sunway Sitges Open 2020"]
[Site "Sitges"]
[Date "2020.12.23"]
[Round "10.12"]
[White "Dragnev, Valentin"]
[Black "Romanishin, Oleg M"]
[Result "1-0"]
[WhiteElo "2564"]
[BlackElo "2402"]
[Annotator "TA"]
[PlyCount "83"]
[EventDate "2020.12.13"]
[EventType "swiss"]
[EventCountry "ESP"]
[SourceTitle "playchess.com"]
[Source "ChessBase"]
[SourceQuality "1"]

{[%evp 21,83,45,58,50,72,49,61,44,47,36,44,43,37,35,35,41,50,56,75,42,71,52,60,25,20,35,41,38,41,49,64,51,60,63,52,34,38,46,46,44,43,47,47,10,24,8,11,6,10,5,31,31,31,31,40,31,31,32,33,5,6,8,363,362]} 1. e4 e5 2. Nf3 Nc6 3. Bb5 a6 4. Ba4 Nf6 5. O-O Be7 6. Re1 b5 7. Bb3 d6 8. c3 O-O 9. h3 a5 {[%cal Ba6a5,Ba5a4][%mdl 32]} 10. d4 a4 11. Bc2 Bd7 12. Na3 {[%cal Bb1a3,Ba3c4,Bc4e5][%mdl 32] C92: Closed Ruy Lopez: 9...Be6, Karpov and Flohr-Zaitsev Variations.} Rb8 13. Bd3 b4 14. Nc4 {White is slightly better.} bxc3 {[#]} 15. bxc3 $146 {[%cal Rd4e5]} ({Predecessor:} 15. dxe5 Nxe5 16. Nfxe5 dxe5 17. bxc3 Rb5 18. Ne3 Rb6 19. Nc4 Rb5 20. Ne3 Rb6 {½-½ (20) Dominguez Perez,L (2721)-Bruzon Batista,L (2617) Havana 2009}) 15... exd4 16. cxd4 d5 17. exd5 Nb4 18. Bf1 Nbxd5 19. Nce5 Be8 20. Nd3 Nb4 21. Ba3 Nfd5 22. Qd2 {Strongly threatening Rxe7!} Bd6 23. Nxb4 Bxb4 24. Bxb4 Rxb4 25. Rac1 Rb6 26. Qa5 Rd6 27. Rc5 Bc6 28. Rec1 Ba8 29. Ne5 Nf4 30. Qxc7 ({Don't go for} 30. Rxc7 $2 {[#]} Bxg2 $1 31. Nd3 Nxd3 $19) 30... Rxd4 31. Qxd8 Rfxd8 32. Bc4 (32. R1c4 $5 {[%cal Rc4d4]} Ne6 33. Rxd4 Rxd4 34. Rb5 $14) 32... Bd5 33. Nc6 Bxc6 34. Rxc6 Nd3 35. Rd1 {[#] Hoping for Rxd3.} Kf8 (35... g5 {is more complex.} 36. Bb5 Nf4 37. Rxd4 Rxd4 38. Ra6 Rd1+) 36. Bb5 Ne5 37. Rxd4 Rxd4 38. Ra6 Rd1+ 39. Kh2 Rd2 40. f4 Nf3+ 41. Kg3 Ne1 {[%mdl 8192]} (41... Nd4 $11 {and Black is okay.} 42. Bc4 Nf5+ 43. Kf3 Nd6) 42. Ra8+ {Weighted Error Value: White=0.08/Black=0.25} ({Inferior is} 42. Rxa4 Rxg2+ 43. Kh4 g6 $11) 1-0

[Event "VII Sunway Sitges Open 2020"]
[Site "Sitges"]
[Date "2020.12.23"]
[Round "10.13"]
[White "Maze, Sebastien"]
[Black "Alvarez Albiol, Victor"]
[Result "1-0"]
[WhiteElo "2557"]
[BlackElo "2206"]
[Annotator "TA"]
[PlyCount "77"]
[EventDate "2020.12.13"]
[EventType "swiss"]
[EventCountry "ESP"]
[SourceTitle "playchess.com"]
[Source "ChessBase"]
[SourceQuality "1"]

{[%evp 11,77,15,21,21,12,0,19,0,19,24,21,17,19,13,17,22,25,19,29,6,18,0,29,36,93,21,74,12,95,101,109,109,119,122,177,141,188,182,317,332,310,311,749,540,542,533,520,540,512,497,453,456,575,554,3418,3279,2163,1955,2901,1835,29983,29983,29979,29980,29979,792,783,756]} 1. e4 c5 2. Nf3 d6 3. Bb5+ Bd7 4. Bxd7+ Nxd7 5. O-O Ngf6 6. Qe2 Rc8 7. b3 {B52: Sicilian: Moscow Variation with 3...Bd7.} g6 8. Bb2 Bg7 9. c4 {The position is equal.} O-O 10. d4 cxd4 11. Nxd4 a6 12. Nc3 Re8 13. Rfd1 Qa5 14. Rac1 Nc5 15. f3 e6 16. Nc2 Qc7 17. Ne3 {[#]} Red8 $146 {[#]} (17... Qb6 $14) ({Predecessor:} 17... Qb6 18. Kh1 Rcd8 19. Rc2 Nfd7 20. Rcd2 Ne5 21. f4 Nc6 {0-1 (45) Zylka,S (2336)-Pulpan,J (2400) Katowice 2017}) 18. g3 (18. Ncd5 $1 $16 {[%cal Rd5c7]} Nxd5 19. cxd5) 18... h5 {[#]} (18... Ncd7 $11) 19. Kg2 ({Better is} 19. Ncd5 $1 $16 {[%cal Rd5c7]} Nxd5 20. cxd5) 19... h4 {[#]} (19... Qa5 $11) 20. Ncd5 $1 $16 {[%cal Rd5c7] White leaves nothing to chance now.} Nxd5 (20... h3+ 21. Kg1) 21. cxd5 {Bxg7 is the strong threat.} Bxb2 22. Qxb2 e5 (22... Qe7 $16) 23. Qd2 {Strongly threatening b4.} (23. gxh4 Qe7 $11) 23... a5 {[#]} 24. Ng4 $1 (24. gxh4 $6 Qe7 $16) 24... b5 (24... Qe7 {might work better.} 25. Qh6 (25. Qxa5 Qg5 $16) 25... Nd7 26. gxh4 Nf6) 25. Qg5 $18 ({Much less strong is} 25. gxh4 f5 $18) 25... h3+ 26. Kxh3 Qa7 $2 (26... Rf8 27. Rxc5 (27. Nf6+ Kg7 $16) 27... dxc5) 27. Kg2 Kf8 28. h4 Qe7 {Now ...Qxg5 and Black clings on.} 29. Qh6+ Ke8 30. h5 Kd7 31. hxg6 Rh8 32. Qg7 {Hoping for Nf6+.} Rcf8 {[#]} 33. Rxc5 $1 dxc5 34. d6 Qe6 35. Qxe5 fxg6 36. Qg7+ Ke8 37. Qc7 Qd7 38. Qxd7+ (38. Ne5 $142 Qxc7 39. dxc7 Ke7 40. Nxg6+ {[%mdl 64] Double Attack} Kf7 41. Nxh8+ Kg7 42. Rd7+ Kxh8 43. Rd8) 38... Kxd7 39. Ne5+ {[%mdl 64] Double Attack.  Weighted Error Value: White=0.18/Black=0.41} 1-0

[Event "VII Sunway Sitges Open 2020"]
[Site "Sitges"]
[Date "2020.12.23"]
[Round "10.14"]
[White "Martin Duque, Jesus"]
[Black "Krysa, Leandro"]
[Result "1-0"]
[WhiteElo "2422"]
[BlackElo "2531"]
[Annotator "TA"]
[PlyCount "65"]
[EventDate "2020.12.13"]
[EventType "swiss"]
[EventCountry "ESP"]
[SourceTitle "playchess.com"]
[Source "ChessBase"]
[SourceQuality "1"]

{[%evp 15,65,9,20,17,21,17,19,29,28,32,33,25,78,70,85,86,87,97,81,95,424,416,411,100,80,96,68,25,141,141,153,9,248,238,262,250,612,625,602,617,579,580,664,651,697,691,658,653,621,546,544,537]} 1. e4 e5 2. Nf3 Nc6 3. Bb5 a6 4. Ba4 Nf6 5. O-O b5 6. Bb3 Bc5 7. d3 d6 8. c3 O-O {8...h6 is more advanced technology.} 9. Bg5 {C78: Ruy Lopez: Archangelsk and Möller Defences.} h6 10. Bh4 g5 11. Bg3 {The position is equal.} Bg4 12. Nbd2 Rb8 13. Re1 Ne8 {[#]} (13... Bh5 $11 {remains equal.}) 14. h3 $146 ({Predecessor:} 14. Qc1 Ng7 15. Bd5 Ne7 16. d4 Nxd5 17. exd5 exd4 18. Nxd4 Bxd4 19. cxd4 Bc8 20. Qc3 {½-½ (38) Bragin,A (2375)-Dzhakaev,D (2395) Krasnodar 1999}) 14... Bh5 {[#]} 15. Nxe5 $1 Bxd1 16. Nxc6 Qf6 17. Raxd1 Rc8 {[%mdl 8192]} (17... Rb6 $16 {is more resistant.}) 18. d4 $18 Bb6 19. Bd5 $2 (19. e5 $18 {and White stays clearly on top.} dxe5 20. Bd5 exd4 21. Ne4) 19... Kh8 $16 20. e5 Qg7 21. exd6 (21. Ne7 $5 {[%cal Re7c8]} Rd8 22. Be4 $11) 21... Nxd6 {[#]} (21... cxd6 $11 {keeps the balance.} 22. Ne7 Rd8) 22. Re7 $1 $36 {[%mdl 2048] Be5 is the strong threat. White is on the roll.} Qg6 {Threatening ...Qc2.} 23. Ne5 (23. Rde1 $16) 23... Qf6 $2 {[#]} (23... Qc2 $11 {and Black has nothing to worry.} 24. Bb3 Qxb2 25. Ng6+ Kg7 26. Nxf8 Rxf8) 24. Re1 $1 $18 {[%mdl 512]} Qf5 {Now ...Kg7 and Black clings on.} (24... Rcd8 25. Nxf7+) 25. Ne4 Nxe4 $2 (25... Kg7 26. Nxf7 {[%mdl 64] Clearance} Nxf7 27. Be5+ Qxe5 28. dxe5 Rce8) 26. Bxe4 {White is clearly winning.} Qf6 27. Nc6 Qg7 28. Bf5 Kg8 29. Be5 f6 30. Rxg7+ Kxg7 31. Bxc8 fxe5 32. Bg4 exd4 33. Nxd4 {Weighted Error Value: White=0.38/Black=0.59} 1-0

[Event "VII Sunway Sitges Open 2020"]
[Site "Sitges"]
[Date "2020.12.23"]
[Round "10.15"]
[White "Lopez Martinez, Josep Manuel"]
[Black "Garcia Ramos, Daniel"]
[Result "0-1"]
[WhiteElo "2542"]
[BlackElo "2380"]
[Annotator "TA"]
[PlyCount "63"]
[EventDate "2020.12.13"]
[EventType "swiss"]
[EventCountry "ESP"]
[SourceTitle "playchess.com"]
[Source "ChessBase"]
[SourceQuality "1"]

{[%evp 11,63,0,2,0,0,0,0,0,34,32,47,44,55,36,34,21,17,10,23,12,29,3,0,-12,-5,-46,-31,-29,21,21,30,39,179,179,175,186,175,114,158,165,172,169,205,159,158,0,0,-258,-264,-963,-956,-6129,-5795,-29997]} 1. c4 c6 2. Nf3 Nf6 3. Nc3 d5 4. e3 e6 5. b3 Nbd7 6. Bb2 Bd6 7. Qc2 {A11: English Opening: 1...c6.} Qe7 8. Be2 O-O 9. O-O {The position is equal.} b6 $1 {The main line 9...b6 scores better than 9...Re8.} 10. cxd5 cxd5 11. Nb5 Ba6 {[#]} 12. a4 $146 ({Predecessor:} 12. Rfc1 Rfc8 13. Qd1 Bxb5 14. Bxb5 Ba3 15. Bxa3 Qxa3 16. Rc2 Rxc2 17. Qxc2 Qc5 18. Qxc5 bxc5 {½-½ (75) Tomashevsky,E (2705)-Dastan,B (2572) chess.com INT 2020}) 12... Rfc8 13. Qb1 Bb4 14. Rc1 Nc5 15. Be5 Nce4 16. Rxc8+ Rxc8 17. Qb2 Ng4 18. Bxg7 f6 19. h3 $1 Qxg7 20. hxg4 Qxg4 21. Rc1 Rf8 ({Black should try} 21... Rc5 $1 $14) 22. d3 $1 $18 Bxb5 23. axb5 Ng5 24. Nd4 (24. Rc6 $18) 24... Qh4 {[#] Threatening ...Bd6.} 25. Rc6 Kh8 {...Nh3+! is the strong threat.} 26. g3 Rg8 {[#] And now ...Nh3+ would win.} 27. Nf5 $1 {[%mdl 512]} Nh3+ 28. Kg2 $2 (28. Kh2 $16 Qg5 29. Rxe6) 28... exf5 $11 29. Rxf6 $2 {[%mdl 8192] [#]} (29. Qxf6+ $11 {and White has nothing to worry.} Qxf6 30. Rxf6) 29... d4 $1 $19 30. Rxf5 (30. Qxd4 Qxd4 31. exd4 Nf4+ 32. Kf1) 30... Bc3 {( -> ...Nxf2)} 31. Rf8 Rxf8 ({Weaker is} 31... Bxb2 32. Rxg8+ Kxg8 33. gxh4 $14) 32. Kh2 {Weighted Error Value: White=0.76/Black=0.15} 0-1

[Event "VII Sunway Sitges Open 2020"]
[Site "Sitges"]
[Date "2020.12.23"]
[Round "10.16"]
[White "Ootes, Lars"]
[Black "Bellahcene, Bilel"]
[Result "1/2-1/2"]
[WhiteElo "2373"]
[BlackElo "2510"]
[Annotator "TA"]
[PlyCount "61"]
[EventDate "2020.12.13"]
[EventType "swiss"]
[EventCountry "ESP"]
[SourceTitle "playchess.com"]
[Source "ChessBase"]
[SourceQuality "1"]

{[%evp 12,61,19,19,21,29,27,16,4,8,7,0,0,0,0,0,0,0,0,0,0,10,0,-29,20,22,12,6,11,13,13,0,0,-18,0,-10,-33,-85,-77,-77,0,0,0,0,0,0,0,0,0,0,0,0]} 1. e4 c5 2. Nf3 d6 3. d4 cxd4 4. Nxd4 Nf6 5. Nc3 a6 6. Bg5 Nbd7 7. Bc4 Qb6 {B94: Sicilian Najdorf: 6 Bg5 Nbd7.} 8. Bb3 e6 9. Qd2 Be7 10. O-O-O Nc5 11. Rhe1 Qc7 12. f4 {White wants to play e5.} h6 13. e5 dxe5 14. fxe5 hxg5 15. exf6 Bxf6 16. Nd5 $1 {[%cal Rd5c7]} Qd8 {[#]} (16... Qxh2 $2 17. Nf3 $18) 17. Bc4 $146 ({Predecessor:} 17. Qb4 Be7 18. Nxe7 Qxe7 19. Qb6 Nxb3+ 20. axb3 O-O 21. Nf5 Qf6 22. Nd6 a5 23. Qc7 {½-½ (30) Fischer,W (2439)-Yurov,A (2453) ICCF email 2018}) 17... O-O ({Don't blunder} 17... Rxh2 $2 18. Nf5 $18 (18. Nf3 Rh6 $16)) 18. Nxf6+ Qxf6 19. Qa5 b5 20. Bxb5 $1 Nb7 $1 {[%cal Rb7a5]} 21. Qa3 {Black must now prevent Rf1.} e5 $1 {Strongly threatening ...Bg4.} 22. Rf1 Qb6 {[%mdl 64] Double Attack} 23. Nc6 {[%cal Rc6e7]} Qxb5 24. Qf3 (24. Ne7+ $15 Kh7 25. Qe3) 24... Qc5 $17 {Hoping for ...Bg4!} 25. b4 {[#]} g4 $1 26. Qe4 $1 $11 {The position is equal.} Qb6 {aiming for ...Re8.} 27. Ne7+ Kh8 28. Ng6+ {[%mdl 64] Double Attack} Kg8 29. Ne7+ Kh8 30. Ng6+ {[%mdl 64] Double Attack} Kg8 31. Ne7+ {Weighted Error Value: White=0.05/Black=0.07} 1/2-1/2